000 00783nas a2200265 4500
001 BR0803614
003 BR-BrBNA
005 20231205112314.0
007 ta
008 230509b bl.|||p| |||| 00| 00por d
040 _aBR-BrBNA
_bpor
_cBiblioteca Nacional de Agricultura
041 _a(Pt)
072 _aF02
100 1 _aReghin, M.Y.
100 1 _aOtto, R.F.
100 1 _aOlink, J.R.
100 1 _aJacoby, C.F.S.
245 1 _aViabilidade do sistema de produção de mudas em bandejas em três cultivares de cebola
650 _aCEBOLA
650 _aMUDA
650 _aVARIEDADE
773 0 _tCiência e Agrotecnologia (Brazil)
_xISSN 1413-7054
_g(Jul-Aug 2007), v. 31(4) p. 1075-1084
_wBR0803614
909 _a202311
_bLúcia
_c55
_dLúcia Elande
942 _2AGRIS
_n0
_cANA
999 _c197311
_d197311